000 00246nam a2200097Ia 4500
008 220204s9999 xx 000 0 und d
082 _a929(540)
_bIND
245 0 _aIndia who's who. 1983, 1984
260 _aNew Delhi
_bINFA publications
942 _cBK
999 _c37088
_d37088